Statistics for christmas movie characters

Click here to take the quiz!

General Stats

  • This quiz has been taken 117 times
  • The average score is 7 of 15

Answer Stats

charactersmovie% Correct
Kevin McCalisterhome alone
90%
Buddyelf
83%
Jack Skellingtonthe nightmare before christmas
82%
John McClaindie hard
66%
Billy and the Conductorthe polar express
64%
George Baileyit's a wonderful life
56%
Gizmo and Stripegremlins
55%
The Priminister and Natalielove actually
55%
Ralphiea christmas story
42%
Frank Crossscrooged
30%
Willie T Stokesbad santa
11%
Jack in the box and Dark elveskrampus
10%
Kelli Presleyblack christmas
4%
Bob Cratchita chrismas carol
1%
Cindy Lou Who how the grinch stole grinch
1%

Score Distribution

Percentile by Number Answered

Percent of People with Each Score

Your Score History

You have not taken this quiz